[Event "Redbus KO"]
[Site "Southend ENG"]
[Date "2002.03.29"]
[Round "1.1"]
[White "Lalic,B"]
[Black "Matros,A"]
[Result "1/2-1/2"]
[WhiteElo "2523"]
[BlackElo "2455"]
[EventDate "2002.03.29"]

1. c4 e6 2. g3 d5 3. Bg2 Nf6 4. Nf3 dxc4 5. Qa4+ c6 6. Qxc4 b5 7. Qc2 Bb7
8. O-O Nbd7 9. a4 Rc8 10. Nc3 a6 11. d4 b4 12. Ne4 c5 13. Nxf6+ Nxf6 14.
Bg5 cxd4 15. Qd3 Be7 16. Rfd1 h6 17. Bf4 O-O 18. Be5 Qa5 19. Bxf6 Bxf6 20.
Ng5 hxg5 21. Bxb7 Rc7 22. Bxa6 g6 23. Bc4 Kg7 24. Bb3 Rfc8 25. Qb5 Qxb5 26.
axb5 Rb8 27. Ra5 Rbb7 28. Ba4 Rd7 1/2-1/2

[Event "Redbus KO"]
[Site "Southend ENG"]
[Date "2002.03.29"]
[Round "1.1"]
[White "Martin,An"]
[Black "Rowson,J"]
[Result "0-1"]
[WhiteElo "2224"]
[BlackElo "2512"]
[EventDate "2002.03.29"]

1. g3 e5 2. Bg2 d5 3. Nf3 e4 4. Nd4 c5 5. Nb3 c4 6. Nd4 Bc5 7. c3 Nc6 8.
Nxc6 bxc6 9. b3 cxb3 10. axb3 Qf6 11. O-O Ne7 12. Ba3 Bxa3 13. Nxa3 h5 14.
f3 exf3 15. Rxf3 Qg5 16. Nc2 Bf5 17. Ra4 Be4 18. Rf2 h4 19. gxh4 Rxh4 20.
d3 Bg6 21. Rxh4 Qxh4 22. Qd2 a5 23. Qe3 Qh6 24. Rf4 Kf8 25. Nd4 Re8 26.
Ne6+ Kg8 27. Nc5 f6 28. Qf2 Bf7 29. d4 Ng6 30. Rf3 Nh4 31. Rh3 Qc1+ 32. Bf1
Ng6 33. Rf3 Nf8 34. Rg3 Nh7 35. h4 Qh6 36. e3 Nf8 37. Nb7 Ra8 38. Nc5 Ng6
39. Rg4 Re8 40. e4 dxe4 41. Nxe4 Be6 42. Bc4 Bxc4 43. bxc4 Qh5 44. Qg3 Kh7
45. Nd6 Re3 46. Qg2 f5 47. Rxg6 Qxg6 0-1

[Event "Redbus KO"]
[Site "Southend ENG"]
[Date "2002.03.29"]
[Round "1.1"]
[White "Summerscale,A"]
[Black "McNab,C"]
[Result "0-1"]
[WhiteElo "2503"]
[BlackElo "2425"]
[EventDate "2002.03.29"]

1. d4 d6 2. Nf3 g6 3. c4 Bg7 4. Nc3 c6 5. e4 Bg4 6. Be2 Bxf3 7. Bxf3 Qb6 8.
O-O Qxd4 9. Qe2 Nd7 10. Be3 Qe5 11. Bg4 Ngf6 12. f4 Qa5 13. Bf3 O-O 14. g4
a6 15. Rad1 Rad8 16. Bf2 h6 17. Kg2 Ne8 18. Be3 b5 19. a3 Bxc3 20. bxc3
Qxc3 21. cxb5 cxb5 22. e5 dxe5 23. Bb6 Nxb6 24. Rxd8 Qc7 25. Rfd1 exf4 26.
Qe4 Nf6 27. Qb7 Qxb7 28. Bxb7 Nxg4 29. Rxf8+ Kxf8 30. Rd8+ Kg7 31. Bxa6 Nc4
32. Kf3 f5 33. Bxb5 Nxa3 34. Bd3 Ne5+ 35. Kxf4 Nxd3+ 36. Rxd3 Nc4 37. Rc3
e5+ 38. Kf3 Nd6 39. Rc6 Nb5 40. Ke3 Nd4 41. Ra6 Kf7 42. Kd3 h5 43. h3 Ne6
44. Kc4 e4 45. Rb6 Nf4 46. Rb3 h4 47. Kd4 Kf6 48. Ra3 Kg5 49. Rb3 Ng2 50.
Rb2 Nf4 51. Rb3 Ne6+ 52. Ke3 f4+ 53. Kf2 e3+ 54. Ke1 Nd4 55. Rd3 Nf3+ 56.
Kf1 Kf5 57. Rd6 Ne5 58. Rd4 f3 59. Ke1 g5 60. Kf1 g4 61. hxg4+ Nxg4 62. Rd8
Kf4 63. Rf8+ Kg3 64. Rg8 h3 0-1

[Event "Redbus KO"]
[Site "Southend ENG"]
[Date "2002.03.29"]
[Round "1.1"]
[White "Levitt,J"]
[Black "Turner,M"]
[Result "1/2-1/2"]
[WhiteElo "2412"]
[BlackElo "2502"]
[EventDate "2002.03.29"]

1. d4 Nf6 2. c4 e6 3. Nc3 Bb4 4. e3 O-O 5. Bd3 c5 6. Nf3 b6 7. d5 exd5 8.
cxd5 Bb7 9. e4 Re8 10. O-O Bxc3 11. bxc3 d6 12. c4 Nbd7 13. Qc2 b5 14. cxb5
Rc8 15. Qb1 c4 16. Bc2 Nc5 17. Re1 Qb6 18. Be3 Qa5 19. Bd4 Nh5 20. Qc1 Qd8
21. Qd2 h6 22. Bc3 Nf6 23. Qd4 Qb6 24. a4 Nd3 25. Bxd3 Qxd4 26. Bxd4 cxd3
27. Bxf6 gxf6 28. Nd2 Rc2 29. Red1 f5 30. f3 Kh8 31. Ra3 fxe4 32. fxe4 f5
33. exf5 Re3 34. Nf1 Ree2 35. Raxd3 Rxg2+ 36. Kh1 Rgf2 37. Kg1 Rg2+ 38. Kh1
Rgf2 39. a5 a6 40. b6 Ra2 41. Kg1 Rg2+ 42. Kh1 Rgf2 43. Ne3 Rxh2+ 44. Kg1
Rhe2 45. f6 1/2-1/2

[Event "Redbus KO"]
[Site "Southend ENG"]
[Date "2002.03.29"]
[Round "1.1"]
[White "Emms,J"]
[Black "Davies,N"]
[Result "1/2-1/2"]
[WhiteElo "2537"]
[BlackElo "2481"]
[EventDate "2002.03.29"]

1. e4 Nf6 2. e5 Nd5 3. d4 d6 4. c4 Nb6 5. exd6 exd6 6. Bd3 Be7 7. Ne2 O-O
8. Nbc3 Nc6 9. O-O Re8 10. b3 Bf8 11. h3 Nb4 12. Be3 c6 13. Bb1 d5 14. a3
Na6 15. c5 Nd7 16. b4 Nc7 17. Bd3 b6 18. Qb3 Ne6 19. Rfd1 a6 20. cxb6 Nxb6
21. Na4 Nxa4 22. Qxa4 Bd7 23. Nf4 g6 24. Nxe6 Rxe6 25. Qc2 Bd6 1/2-1/2

[Event "Redbus KO"]
[Site "Southend ENG"]
[Date "2002.03.29"]
[Round "1.2"]
[White "Chandler,M"]
[Black "Ward,C"]
[Result "0-1"]
[WhiteElo "2543"]
[BlackElo "2486"]
[EventDate "2002.03.29"]

1. e4 c5 2. Nf3 g6 3. d4 cxd4 4. Qxd4 Nf6 5. Nc3 Nc6 6. Qa4 d6 7. e5 dxe5
8. Nxe5 Bd7 9. Nxd7 Qxd7 10. Bb5 Bg7 11. O-O O-O 12. Bf4 Rfc8 13. Rad1 Qg4
14. h3 Qh4 15. Rfe1 e6 16. Bf1 Rd8 17. g3 Qh5 18. Bg2 Rxd1 19. Nxd1 Nd5 20.
Bc1 Rd8 21. g4 Qh4 22. c4 Nb6 23. Qb5 h6 24. Be3 Bd4 25. c5 Bxe3 26. Nxe3
Rd2 27. Rf1 Nd5 28. Nxd5 exd5 29. Qxb7 Qf6 30. b4 Nd4 31. b5 Qe5 32. b6
axb6 33. cxb6 Ne2+ 34. Kh1 Nf4 35. Qc7 Qxc7 36. bxc7 Rc2 37. Rd1 Rxc7 38.
Bxd5 Rc2 39. Kh2 Nxd5 40. Rxd5 Rxf2+ 41. Kg3 Rxa2 42. Rd3 Kg7 43. Rf3 Ra5
44. Rb3 h5 45. Rf3 f6 46. Rb3 Kh6 47. Rf3 Ra6 48. Rb3 Rc6 49. Ra3 Rb6 50.
Rc3 Kg5 51. Rc5+ f5 52. h4+ Kf6 53. gxh5 gxh5 54. Ra5 Rb3+ 55. Kg2 Rb2+ 56.
Kg3 Rb3+ 57. Kg2 Rd3 58. Rb5 Ke6 59. Ra5 Rd5 60. Ra6+ Ke5 61. Rh6 Ke4 62.
Rxh5 Rd2+ 63. Kf1 f4 64. Rh8 Kf3 65. Ke1 Rh2 66. h5 Rh1+ 67. Kd2 Kf2 68. h6
f3 69. Kd3 Kf1 70. Ke3 f2 71. h7 Ke1 72. Ra8 Rh3+ 0-1

[Event "Redbus KO"]
[Site "Southend ENG"]
[Date "2002.03.29"]
[Round "1.2"]
[White "Davies,N"]
[Black "Emms,J"]
[Result "1-0"]
[WhiteElo "2481"]
[BlackElo "2537"]
[EventDate "2002.03.29"]

1. d4 Nf6 2. Nf3 e6 3. g3 c5 4. Bg2 cxd4 5. Nxd4 Qc7 6. O-O a6 7. b3 d5 8.
c4 dxc4 9. Na3 c3 10. Nc4 Nbd7 11. Qd3 Nd5 12. Bxd5 exd5 13. Qe3+ Be7 14.
Nf5 Nf6 15. Nxe7 Qxe7 16. Nb6 Rb8 17. Qf4 O-O 18. Qxb8 Bh3 19. Qf4 Qxe2 20.
Be3 Bxf1 21. Rxf1 Qxa2 22. Qb4 c2 23. Qc3 Qb1 24. Qd3 Qb2 25. Rc1 Ng4 26.
Qd4 1-0

[Event "Redbus KO"]
[Site "Southend ENG"]
[Date "2002.03.29"]
[Round "1.2"]
[White "Matros,A"]
[Black "Lalic,B"]
[Result "1/2-1/2"]
[WhiteElo "2455"]
[BlackElo "2523"]
[EventDate "2002.03.29"]

1. d4 e6 2. c4 Bb4+ 3. Nc3 f5 4. Qc2 Nf6 5. e3 d6 6. Bd3 Qd7 7. Nge2 e5 8.
f3 Bxc3+ 9. Qxc3 Nc6 10. O-O O-O 11. b3 Qf7 12. Ba3 Bd7 13. d5 Ne7 14. f4
e4 15. Bc2 a5 16. Nd4 h6 17. Bd1 Kh7 18. Be2 Rg8 19. Bb2 b6 20. h3 Raf8 21.
Rf2 g5 22. fxg5 Rxg5 23. Raf1 Qg6 24. Kh1 Rg3 25. Bd1 Qg5 26. Ne2 Rxe3 27.
Qc2 Qh4 28. Nf4 Rg3 29. Bxf6 Qxf6 30. Nh5 Qe5 31. Nxg3 Qxg3 32. Qe2 Ng6 33.
Bc2 Re8 34. Qh5 Re5 35. Rxf5 Bxf5 36. Rxf5 Kg7 37. Rxe5 Nxe5 38. Qf5 Qe1+
39. Kh2 Nf3+ 40. gxf3 Qf2+ 41. Kh1 Qf1+ 1/2-1/2

[Event "Redbus KO"]
[Site "Southend ENG"]
[Date "2002.03.29"]
[Round "1.2"]
[White "Pert,N"]
[Black "Wells,P"]
[Result "0-1"]
[WhiteElo "2451"]
[BlackElo "2517"]
[EventDate "2002.03.29"]

1. d4 Nf6 2. Nf3 d5 3. c4 e6 4. Nc3 dxc4 5. e4 Bb4 6. Bg5 c5 7. e5 cxd4 8.
Qa4+ Nc6 9. O-O-O Bd7 10. Ne4 Be7 11. exf6 gxf6 12. Bh4 Rc8 13. Kb1 Na5 14.
Qc2 e5 15. Nxd4 exd4 16. Rxd4 Qb6 17. Rxd7 Kxd7 18. Be2 Qe6 19. Re1 Kc7 20.
Bg3+ Kb6 21. f3 Ka6 22. Nd2 Qc6 23. Rc1 Rhd8 24. Nb3 b5 25. Nxa5 Kxa5 26.
a4 a6 27. Bf2 Bb4 28. axb5 axb5 29. Ka1 Ka6 30. Qb1 Ra8 31. Qxh7 Qe6 32.
Bf1 Kb7+ 33. Kb1 c3 34. Qe4+ Qxe4+ 35. fxe4 cxb2 0-1

[Event "Redbus KO"]
[Site "Southend ENG"]
[Date "2002.03.29"]
[Round "1.2"]
[White "Rowson,J"]
[Black "Martin,An"]
[Result "1/2-1/2"]
[WhiteElo "2512"]
[BlackElo "2224"]
[EventDate "2002.03.29"]

1. e4 d5 2. exd5 Qxd5 3. Nf3 Nf6 4. d4 Bg4 5. Be2 e6 6. h3 Bh5 7. c4 Qd8 8.
O-O Be7 9. Qb3 Qc8 10. Nc3 O-O 11. Be3 Nbd7 12. Rad1 a6 13. Qc2 c5 14. d5
exd5 15. Nxd5 Nxd5 16. Rxd5 Nf6 17. Rd2 Qc7 18. Ng5 Bg6 19. Bd3 Rad8 20.
Bxg6 hxg6 21. Rfd1 Rxd2 22. Rxd2 b5 23. Ne4 Rc8 24. b3 Qe5 25. Nxf6+ gxf6
26. Rd5 Qe6 27. Qd3 Bf8 28. Rd8 bxc4 29. bxc4 Kg7 30. Rxc8 Qxc8 31. Bd2 Qe6
32. Be3 Qe5 33. Qa3 Qe6 34. Qd3 Qe5 35. Qa3 Qe6 1/2-1/2

[Event "Redbus KO"]
[Site "Southend ENG"]
[Date "2002.03.29"]
[Round "1.2"]
[White "Turner,M"]
[Black "Levitt,J"]
[Result "1/2-1/2"]
[WhiteElo "2502"]
[BlackElo "2412"]
[EventDate "2002.03.29"]

1. d4 Nf6 2. Nf3 e6 3. Bg5 h6 4. Bxf6 Qxf6 5. Nbd2 d6 6. e4 Nd7 7. Bb5 a6
8. Ba4 Qe7 9. c3 g6 10. Qe2 Bg7 11. O-O O-O 12. Bb3 b6 13. a4 Bb7 14. Rad1
Rfc8 15. Nc4 a5 16. Qc2 d5 17. exd5 Bxd5 18. Ncd2 c6 19. Rfe1 Qd6 20. Ne5
b5 21. Ne4 Qc7 22. Nxd7 Qxd7 23. Nc5 Qd8 24. Bxd5 1/2-1/2

[Event "Redbus KO"]
[Site "Southend ENG"]
[Date "2002.03.30"]
[Round "2.1"]
[White "Davies,N"]
[Black "Rowson,J"]
[Result "1-0"]
[WhiteElo "2481"]
[BlackElo "2512"]
[EventDate "2002.03.29"]

1. Nf3 Nf6 2. c4 g6 3. Nc3 d5 4. Qa4+ Bd7 5. Qb3 dxc4 6. Qxc4 a6 7. g3 b5
8. Qh4 c5 9. d3 Bc6 10. Bg2 h6 11. O-O Nbd7 12. Nd2 Bxg2 13. Kxg2 g5 14.
Qh3 g4 15. Qh4 Rg8 16. f3 e6 17. Nde4 Nxe4 18. Qxd8+ Rxd8 19. fxe4 h5 20.
Bf4 Bg7 21. Rac1 Ne5 22. a4 c4 23. d4 Rxd4 24. axb5 axb5 25. Nxb5 Rd7 26.
Na3 Ke7 27. Bxe5 Bxe5 28. Nxc4 Bc7 29. Rfd1 Rxd1 30. Rxd1 h4 31. b4 h3+ 32.
Kf2 Rb8 33. Rb1 Rb5 34. Ke3 f5 35. e5 Bxe5 36. Nxe5 Rxe5+ 37. Kd3 Rd5+ 38.
Kc3 Kf6 39. Ra1 Ke5 40. Rb1 Ke4 41. b5 Ke3 42. b6 Rc5+ 43. Kb4 Rc8 44. b7
Rb8 45. Kc5 Kf2 46. e3 Kxe3 47. Kc6 f4 48. gxf4 Kxf4 49. Rf1+ Kg5 50. Kc7
Rxb7+ 51. Kxb7 g3 52. Rf3 g2 53. Rg3+ Kf4 54. Kc6 Ke5 55. Kc5 Ke4 56. Kc4
e5 57. Kc3 Kd5 58. Kd3 e4+ 59. Ke3 Ke5 60. Rg5+ Kf6 61. Rg8 Kf5 62. Rg3 Ke5
63. Kf2 Kf4 64. Rg8 e3+ 65. Ke2 Ke4 66. Rg7 Kf4 67. Rg3 1-0

[Event "Redbus KO"]
[Site "Southend ENG"]
[Date "2002.03.30"]
[Round "2.1"]
[White "Turner,M"]
[Black "Lalic,B"]
[Result "1/2-1/2"]
[WhiteElo "2502"]
[BlackElo "2523"]
[EventDate "2002.03.29"]

1. d4 e6 2. e4 d5 3. exd5 exd5 4. Nc3 c6 5. Bd3 Bd6 6. Nge2 Qh4 7. g3 Qh5
8. Bf4 Bxf4 9. Nxf4 Qxd1+ 10. Nxd1 Nf6 11. Ne3 O-O 12. O-O g6 13. f3 h5 14.
Rfe1 Rd8 15. c3 Nbd7 16. Neg2 Nf8 17. Re5 Bd7 18. Rae1 Re8 19. h4 Kg7 20.
Kf2 Rxe5 21. Rxe5 Ne8 22. b3 1/2-1/2

[Event "Redbus KO"]
[Site "Southend ENG"]
[Date "2002.03.30"]
[Round "2.2"]
[White "Lalic,B"]
[Black "Turner,M"]
[Result "1-0"]
[WhiteElo "2523"]
[BlackElo "2502"]
[EventDate "2002.03.29"]

1. d4 d5 2. c4 c6 3. Nc3 Nf6 4. e3 a6 5. Qc2 g6 6. Bd3 Bg7 7. Nf3 O-O 8.
O-O b5 9. b3 Be6 10. c5 Qc7 11. h3 Bc8 12. Ne5 Nfd7 13. f4 Nxe5 14. fxe5 f6
15. e4 fxe5 16. Rxf8+ Bxf8 17. exd5 exd4 18. d6 exd6 19. cxd6 Bxd6 20. Ne4
Be5 21. Ba3 Bf5 22. Rf1 Nd7 23. g4 Bxe4 24. Bxe4 Nf6 25. Qxc6 Qxc6 26. Bxc6
Rc8 27. Rc1 Rc7 28. Bf3 Rc3 29. Rxc3 dxc3 30. Bc1 b4 31. Kf2 Kf7 32. Ke2
Ke6 33. Kd3 a5 34. Bg5 Nd7 35. Be3 Bd6 36. Bd1 Kd5 37. Bf3+ Ke6 38. Bd1 Bc5
39. Bf4 Kf6 40. Ke4 g5 41. Bg3 Ke6 42. Bc2 h6 43. Kf3 Bb6 44. Bf5+ Ke7 45.
h4 Nf6 46. hxg5 hxg5 47. Bd3 Nd5 48. Ke4 Ke6 49. Be1 Nf4 50. Bb1 Bg1 51.
Bg3 Nd5 52. Be5 Bf2 53. Bb8 Bc5 54. Bg3 Nf6+ 55. Kf3 Kd7 56. Bf5+ Ke7 57.
Bc2 Bb6 58. Bf5 Nd5 59. Be4 Bg1 60. Bb8 Ke6 61. Bf5+ Ke7 62. Be4 Bd4 63.
Ke2 Ne3 64. Bc7 Nxg4 65. Bxa5 Bc5 66. a3 Nf6 67. Bb1 Nd5 68. Be4 bxa3 69.
Bxd5 c2 70. Kd2 Kd6 71. Bg2 a2 72. Bc3 Ba3 73. Kxc2 Kc5 74. Bf3 Kb5 75. Bb2
Kb4 76. Bd4 Kb5 77. Bf6 Kb4 78. Ba1 Kb5 79. Kc3 Ka5 80. Kc4 Bb4 81. Bg4 Be1
82. Bc8 Bb4 83. Bf6 a1=N 84. Bd8+ 1-0

[Event "Redbus KO"]
[Site "Southend ENG"]
[Date "2002.03.30"]
[Round "2.2"]
[White "Rowson,J"]
[Black "Davies,N"]
[Result "1-0"]
[WhiteElo "2512"]
[BlackElo "2481"]
[EventDate "2002.03.29"]

1. e4 e5 2. Nf3 Nc6 3. Bb5 a6 4. Ba4 d6 5. c3 Bd7 6. d4 g6 7. O-O Bg7 8. d5
Nce7 9. Bxd7+ Qxd7 10. c4 h6 11. Nc3 f5 12. Ne1 Nf6 13. f3 O-O 14. Nd3 fxe4
15. fxe4 Nh5 16. g3 Rxf1+ 17. Qxf1 Kh7 18. Nf2 Nf6 19. Qh3 Qxh3 20. Nxh3 b5
21. cxb5 axb5 22. Nf2 Rb8 23. Be3 h5 24. Rc1 Bh6 25. Ncd1 Rc8 26. a3 c6 27.
dxc6 Rxc6 28. Bxh6 Kxh6 29. Nc3 d5 30. Re1 d4 31. Nxb5 Rc2 32. Nd6 Nc6 33.
b4 Ng4 34. Nxg4+ hxg4 35. b5 d3 36. Rd1 d2 37. Kf2 Nd4 38. b6 Nc6 39. b7
Rb2 40. Ke3 Na5 41. Rxd2 Rb6 42. Nf7+ Kg7 43. Nxe5 Nxb7 44. Rd7+ Kf6 45.
Nxg4+ Kg5 46. Ne5 Nc5 47. Rd5 1-0

[Event "Redbus KO"]
[Site "Southend ENG"]
[Date "2002.03.31"]
[Round "3.1"]
[White "Rowson,J"]
[Black "Lalic,B"]
[Result "1/2-1/2"]
[WhiteElo "2512"]
[BlackElo "2523"]
[EventDate "2002.03.29"]

1. e4 c5 2. Nf3 e6 3. d4 cxd4 4. Nxd4 Nf6 5. Nc3 Nc6 6. Ndb5 d6 7. Bf4 e5
8. Bg5 a6 9. Na3 b5 10. Nd5 Be7 11. Bxf6 Bxf6 12. c3 Ne7 13. Nxf6+ gxf6 14.
Bd3 Bb7 15. Qe2 d5 16. O-O-O Qb6 17. exd5 Nxd5 18. Be4 Nf4 19. Qf3 Bxe4 20.
Qxe4 O-O 21. g3 Ng6 22. Nc2 Qxf2 23. Rdf1 f5 24. Qxf5 Qb6 25. Qf6 Qe6 26.
Qxe6 fxe6 27. Ne3 Ne7 28. Ng4 Nc6 29. Nf6+ Kg7 30. Ne4 Kg6 31. Kd2 Rf5 32.
Ke2 b4 33. Rc1 bxc3 34. bxc3 Rb8 35. Rb1 Rff8 36. Rhd1 Rb5 37. a4 Ra5 38.
Rd6 Rc8 39. Rb6 Rxa4 40. Ke3 Nd8 41. Rxa6 Rxa6 42. Rxa6 h5 43. Rd6 Ra8 44.
c4 Kf5 45. h3 Nf7 46. g4+ 1/2-1/2

[Event "Redbus KO"]
[Site "Southend ENG"]
[Date "2002.03.31"]
[Round "3.2"]
[White "Lalic,B"]
[Black "Rowson,J"]
[Result "1-0"]
[WhiteElo "2523"]
[BlackElo "2512"]
[EventDate "2002.03.29"]

1. Nf3 d5 2. d4 Bf5 3. c4 e6 4. Nc3 c6 5. Qb3 Qb6 6. c5 Qc7 7. Bf4 Qc8 8.
Nh4 Bg4 9. h3 Bh5 10. g4 Be7 11. Bg3 Bg6 12. Nxg6 hxg6 13. e4 Nf6 14. exd5
Nxd5 15. Ne4 Nf6 16. Nxf6+ Bxf6 17. O-O-O a5 18. h4 Na6 19. Bc4 a4 20. Qe3
Nb4 21. f4 Qd7 22. Kb1 Nd5 23. Qf3 b5 24. cxb6 Nxb6 25. Bd3 O-O 26. g5 Bxd4
27. h5 Rfb8 28. hxg6 Nd5 29. gxf7+ Kf8 30. Rh8+ Ke7 31. Re8+ Rxe8 32.
fxe8=Q+ Qxe8 33. Be4 Ba7 34. f5 Qf7 35. Qa3+ Ke8 36. Qxa4 Qb7 37. Bxd5 exd5
38. Rxd5 Bd4 39. Qxd4 cxd5 40. Qe5+ Kf8 41. Qe6 Qf7 42. Bd6+ Kg8 43. g6 1-0

[Event "Redbus KO"]
[Site "Southend ENG"]
[Date "2002.04.01"]
[Round "4.1"]
[White "Lalic,B"]
[Black "Ward,C"]
[Result "1-0"]
[WhiteElo "2523"]
[BlackElo "2486"]
[EventDate "2002.03.29"]

1. d4 Nf6 2. c4 e6 3. Nc3 Bb4 4. e3 b6 5. f3 c5 6. d5 Nh5 7. Nh3 Bxc3+ 8.
bxc3 f5 9. e4 O-O 10. dxe6 dxe6 11. Qxd8 Rxd8 12. e5 Bb7 13. Be2 h6 14. Rg1
g5 15. g4 fxg4 16. Rxg4 Nc6 17. f4 Ng7 18. Rg1 gxf4 19. Bxf4 Kh7 20. Nf2
Ne7 21. Ng4 Ng8 22. Nf6+ Nxf6 23. exf6 Nf5 24. Bh5 e5 25. Bxe5 Re8 26. Bxe8
Rxe8 27. O-O-O 1-0

[Event "Redbus KO"]
[Site "Southend ENG"]
[Date "2002.04.01"]
[Round "4.2"]
[White "Ward,C"]
[Black "Lalic,B"]
[Result "1/2-1/2"]
[WhiteElo "2486"]
[BlackElo "2523"]
[EventDate "2002.03.29"]

1. c4 e5 2. g3 Nf6 3. Bg2 c6 4. Nf3 e4 5. Nd4 d5 6. cxd5 Qxd5 7. Nc2 Qh5 8.
h3 Bc5 9. b4 Bb6 10. Bb2 Nbd7 11. Ne3 O-O 12. Nc3 Re8 13. Qc2 Qg6 14. b5
Bd4 15. bxc6 bxc6 16. Qa4 c5 17. Rb1 Nb6 18. Qc2 Bd7 19. a4 Bxc3 20. Bxc3
Bxa4 21. Qa2 Nfd7 22. h4 Qe6 23. Qxe6 Rxe6 24. h5 Bc6 25. h6 g6 26. O-O f5
27. Ra1 Na4 28. Bg7 Ndb6 29. Rfc1 Rd8 30. Ra2 Bb5 31. Kf1 a6 32. Ke1 c4 33.
Nc2 Red6 34. Na3 Nc5 35. f3 Nb3 36. Rcc2 e3 37. dxe3 Nd5 38. Nxc4 Rc6 39.
Ne5 Re6 40. Rcb2 Nc5 41. Rd2 Red6 42. Kf2 Ne6 43. f4 Nxg7 44. hxg7 Nf6 45.
Rxd6 Rxd6 46. Rc2 Kxg7 47. Rc7+ Kg8 48. Rc8+ Kg7 49. Rc7+ Kg8 50. Ra7 Nd7
51. Nf3 Nf6 52. Ne5 Nd7 53. Ra8+ Kg7 54. Ra7 Kg8 55. Ra8+ Kg7 56. Ra7 Kg8
57. Nf3 Nf6 58. Ne5 Nd7 59. Nf3 Nf6 60. Ne5 Nd7 61. Nf3 Nf6 1/2-1/2